000 01108cam a2200337 i 4500
001 12472398
003 EG-ScBUE
005 20260301102447.0
008 010716s2001 enka frb f001 0deng d
020 _a0192854542
020 _a9780192854544
040 _aUKM
_beng
_erda
_cUKM
_dDLC
_dEG-ScBUE
082 0 4 _a576.8092
_bHOW
_222
100 1 _aHoward, Jonathan,
_d1943-
_eauthor.
245 1 0 _aDarwin :
_ba very short introduction /
_cJonathan Howard.
264 1 _aOxford ;
_aNew York :
_bOxford University Press,
_c2001.
300 _a125 pages :
_billustrations ;
_c18 cm.
336 _2rdacontent
_atext
_btxt
337 _aunmediated
_2rdamedia
_bn
338 _avolume
_bnc
_2rdacarrier
490 0 _aVery short introductions ;
_v35
504 _aIncludes bibliographical references and index.
600 1 7 _aDarwin, Charles,
_d1809-1882.
_2BUEsh
650 7 _aNatural selection.
_2BUEsh
650 7 _aEvolution (Biology)
_xHistory.
_2BUEsh
650 7 _aNaturalists
_zEngland
_vBiography.
_2BUEsh
651 _2BUEsh
653 _bHHUUPPSS
_cApril2017
655 _vReading book
942 _2ddc
_cBB
999 _c24743
_d24715